[Event "Namsos-ch"]
[Site "Namsos"]
[Date "2012.02.06"]
[Round "3"]
[White "Talberg, Kristian"]
[Black "Torum, Reidar"]
[Result "1-0"]
[WhiteElo "1391"]
[BlackElo "1492"]
[PlyCount "77"]
[EventDate "2012.02.06"]
[EventType "swiss"]
[EventRounds "7"]
[EventCountry "NOR"]
[SourceTitle "EXT 2024"]
[Source "ChessBase"]
[SourceDate "2023.10.10"]
[SourceVersion "1"]
[SourceVersionDate "2023.10.10"]
[SourceQuality "1"]

1. d4 Nf6 2. c4 g6 3. Nc3 Bg7 4. e4 d6 5. Nf3 0-0 6. h3 e5 7. dxe5 dxe5 8. Bg5 Qxd1+ 9. Rxd1 Nc6 10. Bxf6 Bxf6 11. Nd5 Bd8 12. b4 Be6 13. b5 Bxd5 14. cxd5 Nb4 15. a3 Nc2+ 16. Kd2 Nd4 17. Nxd4 exd4 18. f4 Be7 19. a4 Bb4+ 20. Ke2 Bc3 21. Kf3 f6 22. h4 h6 23. g4 Kg7 24. Bd3 Rac8 25. Rb1 Rf7 26. Rhg1 c6 27. bxc6 bxc6 28. g5 fxg5 29. hxg5 h5 30. d6 Bd2 31. f5 gxf5 32. exf5 Rd8 33. Rg2 Be3 34. f6+ Kh8 35. Rh2 Rfd7 36. Rxh5+ Kg8 37. Bc4+ Rf7 38. Rb7 Rdf8 39. g6 1-0

[Event "Vadsosjakken op"]
[Site "Vadso"]
[Date "2008.08.31"]
[Round "5"]
[White "Ronning, Are"]
[Black "Talberg, Kristian"]
[Result "1-0"]
[WhiteElo "1795"]
[BlackElo "1357"]
[PlyCount "43"]
[EventDate "2008.08.??"]
[EventType "swiss"]
[EventRounds "5"]
[EventCountry "NOR"]
[SourceTitle "EXT 2010"]
[Source "ChessBase"]
[SourceDate "2010.11.25"]
[SourceVersion "1"]
[SourceVersionDate "2010.11.25"]
[SourceQuality "1"]

1. d4 Nf6 2. Nf3 d5 3. e3 Nc6 4. c4 e6 5. Nc3 g6 6. Bd2 Bg7 7. Rc1 0-0 8. cxd5 exd5 9. Bd3 Re8 10. 0-0 Bg4 11. a3 Ne4 12. Nb1 Ng5 13. Be2 Bf5 14. Nxg5 Bxb1 15. Nxf7 Kxf7 16. Rxb1 Re7 17. Bf3 Rd7 18. Qb3 Kg8 19. Qxb7 Rd6 20. Bxd5+ Rxd5 21. Qxc6 Rh5 22. Rbc1 1-0

[Event "Vadsosjakken op"]
[Site "Vadso"]
[Date "2008.08.29"]
[Round "1"]
[White "Solberg, Joachim Krokvik"]
[Black "Talberg, Kristian"]
[Result "1-0"]
[WhiteElo "2089"]
[BlackElo "1357"]
[PlyCount "51"]
[EventDate "2008.08.??"]
[EventType "swiss"]
[EventRounds "5"]
[EventCountry "NOR"]
[SourceTitle "EXT 2010"]
[Source "ChessBase"]
[SourceDate "2010.11.25"]
[SourceVersion "1"]
[SourceVersionDate "2010.11.25"]
[SourceQuality "1"]

1. Nc3 d5 2. e4 dxe4 3. Nxe4 Nf6 4. Nxf6+ gxf6 5. d4 Bg7 6. Bc4 Nc6 7. c3 e5 8. Ne2 0-0 9. Be3 f5 10. d5 Na5 11. Bb5 a6 12. Ba4 b5 13. Bc2 Nc4 14. Bc5 Re8 15. Rb1 f4 16. Be4 f5 17. Bf3 Nd6 18. g3 Bh6 19. gxf4 Bxf4 20. Rg1+ Kh8 21. Nxf4 exf4+ 22. Kf1 Nf7 23. Qd4+ Ne5 24. d6 Rb8 25. Re1 cxd6 26. Bxd6 1-0

[Event "Alta ASK op"]
[Site "Alta"]
[Date "2006.09.12"]
[Round "2"]
[White "Talberg, Kristian"]
[Black "Jorgensen, Bengt Arne"]
[Result "0-1"]
[WhiteElo "1316"]
[BlackElo "1139"]
[PlyCount "38"]
[EventDate "2006.09.05"]
[EventType "swiss"]
[EventRounds "10"]
[EventCountry "NOR"]
[SourceTitle "EXT 2008"]
[Source "ChessBase"]
[SourceDate "2007.11.25"]
[SourceVersion "1"]
[SourceVersionDate "2007.11.25"]
[SourceQuality "1"]

1. d4 d5 2. c4 dxc4 3. Nc3 Nf6 4. e4 e6 5. Bxc4 Bb4 6. Qd3 a6 7. a3 Be7 8. Nge2 b5 9. Bb3 c5 10. Bc2 Nc6 11. d5 Ne5 12. Qg3 Ng6 13. e5 Nxd5 14. Nxd5 Qxd5 15. Bxg6 hxg6 16. Bf4 Bb7 17. Kf1 0-0-0 18. f3 Bh4 19. Qg4 Qd1+ 0-1

[Event "Finnmark-ch"]
[Site "Karasjok"]
[Date "2006.03.10"]
[Round "1"]
[White "Solberg, Joachim Krokvik"]
[Black "Talberg, Kristian"]
[Result "1-0"]
[WhiteElo "2145"]
[BlackElo "1290"]
[PlyCount "47"]
[EventDate "2006.03.10"]
[EventType "swiss"]
[EventRounds "5"]
[EventCountry "NOR"]
[SourceTitle "EXT 2007"]
[Source "ChessBase"]
[SourceDate "2006.11.23"]
[SourceVersion "1"]
[SourceVersionDate "2006.11.23"]
[SourceQuality "1"]

1. Nc3 d5 2. e4 dxe4 3. Nxe4 e5 4. Bc4 Nf6 5. Qe2 Bd6 6. d3 Bg4 7. Nxf6+ Qxf6 8. Qxg4 Nc6 9. Nf3 h6 10. 0-0 0-0 11. Be3 a6 12. Nd2 Kh8 13. Ne4 Qg6 14. Qxg6 fxg6 15. Nxd6 cxd6 16. f4 Rf5 17. Rae1 Re8 18. fxe5 Rfxe5 19. Bf2 b5 20. Rxe5 Rxe5 21. Bb3 a5 22. Re1 Rxe1+ 23. Bxe1 a4 24. Bf7 1-0

[Event "Alta ASK CC-ch"]
[Site "Alta"]
[Date "2006.03.07"]
[Round "7"]
[White "Pedersen, Birger"]
[Black "Talberg, Kristian"]
[Result "0-1"]
[WhiteElo "1245"]
[BlackElo "1316"]
[PlyCount "58"]
[EventDate "2006.01.17"]
[EventType "swiss"]
[EventRounds "10"]
[EventCountry "NOR"]
[SourceTitle "EXT 2008"]
[Source "ChessBase"]
[SourceDate "2007.11.25"]
[SourceVersion "1"]
[SourceVersionDate "2007.11.25"]
[SourceQuality "1"]

1. d4 d5 2. Nf3 c5 3. dxc5 Nc6 4. e3 e5 5. Bb5 Bg4 6. Be2 Bxf3 7. Bxf3 e4 8. Be2 Bxc5 9. 0-0 Nf6 10. b3 0-0 11. Bb2 a6 12. Nd2 Qd6 13. Re1 Bb6 14. Nf1 Rfd8 15. Ng3 Ne7 16. Qc1 Qe6 17. Rd1 Rac8 18. Rd2 Ba5 19. c3 Nf5 20. b4 Bb6 21. Nf1 d4 22. Qd1 dxe3 23. Rxd8+ Rxd8 24. Qc2 exf2+ 25. Kh1 e3 26. c4 Bd4 27. Rd1 Ne4 28. Bf3 Nd2 29. Nxd2 Ng3+ 0-1

[Event "Alta ASK CC-ch"]
[Site "Alta"]
[Date "2006.02.14"]
[Round "5"]
[White "Rist, Karl Johan"]
[Black "Talberg, Kristian"]
[Result "1-0"]
[WhiteElo "1248"]
[BlackElo "1316"]
[PlyCount "92"]
[EventDate "2006.01.17"]
[EventType "swiss"]
[EventRounds "10"]
[EventCountry "NOR"]
[SourceTitle "EXT 2008"]
[Source "ChessBase"]
[SourceDate "2007.11.25"]
[SourceVersion "1"]
[SourceVersionDate "2007.11.25"]
[SourceQuality "1"]

1. d4 Nf6 2. c4 e6 3. Nc3 Bb4 4. Nf3 Bxc3+ 5. bxc3 0-0 6. Bg5 d5 7. cxd5 exd5 8. g3 b6 9. Bg2 Re8 10. 0-0 Nbd7 11. Re1 h6 12. Bf4 Nh5 13. Bd2 Ndf6 14. Ne5 Ng4 15. Nxg4 Bxg4 16. f3 Be6 17. e4 Qd7 18. g4 Nf6 19. g5 hxg5 20. Bxg5 Nh7 21. Bh4 Bh3 22. Re2 dxe4 23. fxe4 Bg4 24. e5 Bxe2 25. Qxe2 c6 26. Qf3 Re6 27. Kh1 Rh6 28. Qg3 Rg6 29. Qe3 Qg4 30. Bg3 Ng5 31. Rf1 Rd8 32. Rg1 Qh5 33. Rf1 Ne6 34. Qf2 Rf8 35. Be4 Rh6 36. Bf3 Qg5 37. Rg1 Qe7 38. Bxc6 Qc7 39. d5 Nd8 40. Qg2 Rxc6 41. e6 Rd6 42. Bxd6 Qxc3 43. e7 Re8 44. exd8Q Rxd8 45. Be7 Re8 46. d6 Qd3 1-0

[Event "Alta Hostturnering"]
[Site "Alta"]
[Date "2005.11.08"]
[Round "10"]
[White "Talberg, Kristian"]
[Black "Arild, Steinar"]
[Result "1-0"]
[WhiteElo "1350"]
[BlackElo "1176"]
[PlyCount "117"]
[EventDate "2005.09.06"]
[EventType "swiss"]
[EventRounds "10"]
[EventCountry "NOR"]
[SourceTitle "EXT 2009"]
[Source "ChessBase"]
[SourceDate "2008.11.26"]
[SourceVersion "1"]
[SourceVersionDate "2008.11.26"]
[SourceQuality "1"]

1. e4 e6 2. d4 d5 3. e5 c5 4. c3 a6 5. f4 Nc6 6. Nf3 Qb6 7. Qb3 Qxb3 8. axb3 cxd4 9. cxd4 Nge7 10. Nc3 Nf5 11. Ne2 Bb4+ 12. Bd2 Bxd2+ 13. Kxd2 Bd7 14. g4 Nfe7 15. Ng3 g6 16. Rc1 Rc8 17. Bd3 0-0 18. h4 Nb4 19. Bb1 Kg7 20. f5 exf5 21. gxf5 gxf5 22. Nh5+ Kh8 23. Nf6 Rxc1 24. Rxc1 Be6 25. Rc7 Ng8 26. Rxb7 Nxf6 27. exf6 a5 28. Ne5 Kg8 29. Ra7 h5 30. Rxa5 Rc8 31. Rb5 Nc6 32. Nxc6 Rxc6 33. Rc5 Rb6 34. Kc3 Kh7 35. b4 Kg6 36. Bd3 Kxf6 37. b5 f4 38. Rc6 Rxc6+ 39. bxc6 Ke7 40. b4 f3 41. Bf1 Kd6 42. b5 f5 43. Kd2 f4 44. Bd3 Kc7 45. Bg6 Bg4 46. Ke1 Kb6 47. Bf7 Kxb5 48. Bxd5 Kb6 49. Kf2 Kc7 50. Bxf3 Bxf3 51. Kxf3 Kxc6 52. Kxf4 Kd5 53. Ke3 Ke6 54. Ke4 Kd6 55. d5 Kd7 56. Ke5 Ke7 57. Kf5 Kd6 58. Kg5 Kxd5 59. Kxh5 1-0

[Event "Alta Hostturnering"]
[Site "Alta"]
[Date "2005.11.01"]
[Round "9"]
[White "Talberg, Kristian"]
[Black "Luostarinen, Asmo"]
[Result "1/2-1/2"]
[WhiteElo "1350"]
[BlackElo "992"]
[PlyCount "46"]
[EventDate "2005.09.06"]
[EventType "swiss"]
[EventRounds "10"]
[EventCountry "NOR"]
[SourceTitle "EXT 2009"]
[Source "ChessBase"]
[SourceDate "2008.11.26"]
[SourceVersion "1"]
[SourceVersionDate "2008.11.26"]
[SourceQuality "1"]

1. d4 Nf6 2. c4 d5 3. Nf3 e6 4. a3 c5 5. Nc3 cxd4 6. Nxd4 Be7 7. cxd5 exd5 8. Bg5 0-0 9. g3 Nc6 10. Bg2 Bc5 11. Nf3 Be6 12. 0-0 d4 13. Bxf6 Qxf6 14. Ne4 Qe7 15. b4 Bb6 16. Rc1 Rac8 17. Qd3 Bf5 18. Nh4 Bg6 19. Nxg6 fxg6 20. Qb3+ Kh8 21. Nc5 Rf6 22. Rfd1 Qxe2 23. Ne4 Rff8 1/2-1/2

[Event "Kalotturneringen"]
[Site "Hammerfest"]
[Date "2005.10.30"]
[Round "7"]
[White "Laitamaa, Melker"]
[Black "Talberg, Kristian"]
[Result "1/2-1/2"]
[WhiteElo "1044"]
[BlackElo "1350"]
[PlyCount "81"]
[EventDate "2005.10.28"]
[EventType "swiss"]
[EventRounds "7"]
[EventCountry "NOR"]
[SourceTitle "EXT 2007"]
[Source "ChessBase"]
[SourceDate "2006.11.23"]
[SourceVersion "1"]
[SourceVersionDate "2006.11.23"]
[SourceQuality "1"]

1. e4 c5 2. b3 d6 3. Bb2 Nc6 4. Bd3 Nf6 5. f4 g6 6. e5 dxe5 7. fxe5 Nh5 8. e6 f6 9. Qg4 Qd6 10. Bc4 Bg7 11. Qe2 Nf4 12. Qf3 Bxe6 13. Ne2 Nxe2 14. Qxe2 Bxc4 15. bxc4 Nd4 16. Bxd4 cxd4 17. d3 0-0 18. 0-0 e5 19. Nd2 f5 20. g3 Bh6 21. Rad1 Be3+ 22. Kh1 Rf7 23. Qg2 Raf8 24. Rf3 Qa3 25. Nf1 f4 26. Nxe3 fxe3 27. Rxf7 Rxf7 28. Qd5 Qf8 29. Rf1 e2 30. Re1 Kg7 31. Rxe2 Rf1+ 32. Kg2 Kh6 33. Qxe5 Qf3+ 34. Kh3 g5 35. Qe6+ Kh5 36. Qe8+ Qf7 37. g4+ Kg6 38. Re6+ Rf6 39. Rxf6+ Kxf6 40. Qxf7+ Kxf7 41. Kg3 1/2-1/2

[Event "Kalotturneringen"]
[Site "Hammerfest"]
[Date "2005.10.29"]
[Round "4"]
[White "Paulsen, Tor Arne"]
[Black "Talberg, Kristian"]
[Result "1-0"]
[WhiteElo "1900"]
[BlackElo "1350"]
[PlyCount "59"]
[EventDate "2005.10.28"]
[EventType "swiss"]
[EventRounds "7"]
[EventCountry "NOR"]
[SourceTitle "EXT 2007"]
[Source "ChessBase"]
[SourceDate "2006.11.23"]
[SourceVersion "1"]
[SourceVersionDate "2006.11.23"]
[SourceQuality "1"]

1. d4 Nf6 2. Bg5 Ne4 3. Bf4 d5 4. Nd2 g5 5. Be5 f6 6. Nxe4 dxe4 7. Bg3 Bg4 8. h4 Qd5 9. hxg5 Qxg5 10. Bxc7 Bh6 11. g3 Na6 12. Bf4 Qa5+ 13. Bd2 Bxd2+ 14. Qxd2 Qb5 15. c3 0-0-0 16. e3 Qc6 17. Qc2 Nb4 18. Qb3 Nd3+ 19. Kd2 Be6 20. Qa3 Nxf2 21. Rh4 Kb8 22. Qxe7 Ng4 23. Rh5 Rd5 24. Rxd5 Qxd5 25. Nh3 Nh2 26. Nf4 Qg5 27. Qxe6 Nf3+ 28. Kc2 Qxg3 29. Qxe4 Ne1+ 30. Kb3 1-0

[Event "NOR-chT"]
[Site "Karasjok"]
[Date "2005.10.08"]
[Round "3"]
[White "Talberg, Kristian"]
[Black "Hardersen, Steinar"]
[Result "0-1"]
[WhiteElo "1350"]
[BlackElo "1465"]
[PlyCount "55"]
[EventDate "2005.10.07"]
[EventType "team"]
[EventRounds "5"]
[EventCountry "NOR"]
[SourceTitle "EXT 2007"]
[Source "ChessBase"]
[SourceDate "2006.11.23"]
[SourceVersion "1"]
[SourceVersionDate "2006.11.23"]
[SourceQuality "1"]

1. d4 d5 2. Nf3 Nc6 3. Nc3 Bg4 4. Bf4 Bxf3 5. gxf3 a6 6. e3 e6 7. a3 Nf6 8. Rg1 g6 9. Qd2 Qd7 10. Bg5 Bg7 11. Be2 0-0 12. f4 b6 13. h4 Ne7 14. h5 c5 15. hxg6 fxg6 16. 0-0-0 c4 17. Rh1 b5 18. Bxf6 Rxf6 19. e4 a5 20. f5 b4 21. Nxd5 exd5 22. e5 c3 23. Qd3 cxb2+ 24. Kb1 Rc6 25. f6 Rc3 26. Qd2 Qa4 27. f7+ Kf8 28. Rxh7 0-1

[Event "Finnmark-ch"]
[Site "Karasjok"]
[Date "2005.03.20"]
[Round "5"]
[White "Hammari, Jan Arnt"]
[Black "Talberg, Kristian"]
[Result "0-1"]
[WhiteElo "1497"]
[BlackElo "1311"]
[PlyCount "73"]
[EventDate "2005.03.19"]
[EventType "swiss"]
[EventRounds "5"]
[EventCountry "NOR"]
[SourceTitle "EXT 2007"]
[Source "ChessBase"]
[SourceDate "2006.11.23"]
[SourceVersion "1"]
[SourceVersionDate "2006.11.23"]
[SourceQuality "1"]

1. c4 e5 2. Nc3 Nf6 3. g3 Bb4 4. Bg2 Bxc3 5. bxc3 0-0 6. e3 d6 7. Ne2 c6 8. d4 e4 9. Ba3 Re8 10. 0-0 Be6 11. Qa4 Qc7 12. Nf4 Bg4 13. d5 c5 14. f3 exf3 15. Bxf3 Rxe3 16. Bxg4 Nxg4 17. Rae1 Qe7 18. Qd1 Nd7 19. Bc1 Rxe1 20. Rxe1 Nge5 21. Kg2 Nb6 22. Qe2 Qd7 23. Qh5 Nbxc4 24. h3 b5 25. Re4 f5 26. Re1 a5 27. Ne6 Nd3 28. Rf1 Nxc1 29. Rxc1 Ne3+ 30. Kh2 Nxd5 31. Qxf5 Ne3 32. Qe4 Re8 33. Qxe3 Qxe6 34. Qf2 Qe2 35. Rc2 Qxf2+ 36. Rxf2 Re3 37. Rc2 0-1

[Event "Alta CC-ch"]
[Site "Alta"]
[Date "2005.02.01"]
[Round "3"]
[White "Larsen, Helge"]
[Black "Talberg, Kristian"]
[Result "0-1"]
[WhiteElo "922"]
[BlackElo "1311"]
[PlyCount "64"]
[EventDate "2005.01.18"]
[EventType "swiss"]
[EventRounds "10"]
[EventCountry "NOR"]
[SourceTitle "EXT 2007"]
[Source "ChessBase"]
[SourceDate "2006.11.23"]
[SourceVersion "1"]
[SourceVersionDate "2006.11.23"]
[SourceQuality "1"]

1. e4 c5 2. Nf3 e6 3. d4 cxd4 4. Nxd4 a6 5. Nd2 Nf6 6. Bd3 Nc6 7. Nxc6 bxc6 8. e5 Nd5 9. c4 Nf4 10. Qf3 Qg5 11. 0-0 Nxd3 12. Qxd3 Qxe5 13. Nf3 Qf6 14. Re1 h6 15. Qd4 Qxd4 16. Nxd4 c5 17. Ne2 Be7 18. b3 Bb7 19. Bb2 0-0 20. Rad1 Rfd8 21. Rd3 d5 22. cxd5 Rxd5 23. Rg3 e5 24. f4 Bh4 25. Bxe5 Bxg3 26. hxg3 Rd2 27. a4 Re8 28. Kf1 f6 29. Bc3 Rd3 30. Nc1 Rxe1+ 31. Bxe1 Rd1 32. Ne2 Rb1 0-1

[Event "Alta Hostturnering"]
[Site "Alta"]
[Date "2004.10.12"]
[Round "6"]
[White "Rist, Karl Johan"]
[Black "Talberg, Kristian"]
[Result "1-0"]
[WhiteElo "1211"]
[BlackElo "1350"]
[PlyCount "61"]
[EventDate "2004.09.07"]
[EventType "swiss"]
[EventRounds "10"]
[EventCountry "NOR"]
[SourceTitle "EXT 2009"]
[Source "ChessBase"]
[SourceDate "2008.11.26"]
[SourceVersion "1"]
[SourceVersionDate "2008.11.26"]
[SourceQuality "1"]

1. d4 f5 2. c4 Nf6 3. Nc3 g6 4. g3 Bg7 5. Bg2 0-0 6. Nh3 d6 7. 0-0 e6 8. d5 e5 9. e4 fxe4 10. Ng5 Bg4 11. Qe1 c6 12. Ncxe4 cxd5 13. Nxf6+ Bxf6 14. Bxd5+ Kg7 15. Bxb7 Bxg5 16. Bxg5 Qxg5 17. Bxa8 Nd7 18. Bg2 h5 19. h4 Qe7 20. Qe3 Nc5 21. f4 e4 22. a3 Re8 23. b4 Nd3 24. Ra2 a6 25. Rc2 Bf5 26. c5 Rc8 27. Qd4+ Kh7 28. cxd6 Qb7 29. Rxc8 Qxc8 30. Bxe4 Bh3 31. Bxd3 1-0

[Event "Barents Region-chB"]
[Site "Arta"]
[Date "2004.06.20"]
[Round "5"]
[White "Malin, Odd Gunnar"]
[Black "Talberg, Kristian"]
[Result "0-1"]
[WhiteElo "1496"]
[BlackElo "1350"]
[PlyCount "60"]
[EventDate "2004.06.18"]
[EventType "swiss"]
[EventRounds "6"]
[EventCountry "NOR"]
[SourceTitle "EXT 2007"]
[Source "ChessBase"]
[SourceDate "2006.11.23"]
[SourceVersion "1"]
[SourceVersionDate "2006.11.23"]
[SourceQuality "1"]

1. Nf3 d5 2. d4 Bg4 3. Ne5 Bh5 4. c4 f6 5. Qa4+ c6 6. Nd3 e6 7. Nc3 Bd6 8. cxd5 exd5 9. Nxd5 b5 10. Qb3 Bf7 11. e4 cxd5 12. e5 fxe5 13. dxe5 Bc7 14. Qc3 d4 15. Qc5 Ne7 16. Bg5 Nd7 17. Qxd4 0-0 18. f4 Bb6 19. Qe4 Bg6 20. Qf3 Ba5+ 21. b4 Bxd3 22. Bxd3 Bxb4+ 23. Ke2 Nxe5 24. Bxh7+ Kxh7 25. Qh3+ Kg8 26. Qe6+ Nf7 27. Rad1 Qc8 28. Qb3 Re8 29. Rc1 Nd5+ 30. Kf1 Ne3+ 0-1